000 00778nam a2200241 a 4500
008 010516s2001 m yxo ra 0 slo c
020 _a805510011X
_c150
040 _aSNK
_bslo
_cSNK
_eAACR2
041 1 _aslo
_heng
044 _axo
_cSK
080 _a820-3
100 1 _aCartland, Barbara
_4aut
240 1 0 _aThe daring deception
_lSlovensky
245 1 0 _aOdvážny podvod
_cBarbara Cartlandová ; [z anglického originálu preložila Helena Sumbalová]
260 _aBratislava
_bIKAR
_c2001
300 _a237 s.
_c21 cm
500 _aÚdaj o prekl. prevzatý z rubu tit. strany
650 0 7 _aromány ľúbostné anglické
_2SNK
700 1 _aSumbalová, Helena
_4trl
730 _tThe daring deception
765 0 _tThe daring deception
_aCartland, Barbara
958 _aAUL
999 _c8259
_d8259